000 00394nam a22001697a 4500
999 _c10470
_d10470
003 OSt
008 210217b ||||| |||| 00| 0 eng d
020 _a9788182814257
100 _aJHINGAN,M.L
245 _aAdvanced Economic Theory
250 _a14th Ed
260 _aNew Delhi
_bVrinda Publications
_c2019
300 _a748
650 _aB.Com
700 _aJHINGAN,B.K
942 _2ddc
_cBK